Khái quát về lịch sử nước Mỹ ( sách tham khảo )

Đã lưu trong:
书目详细资料
格式: 图书
出版: H. Thanh niên 2007
主题:
标签: 添加标签
没有标签, 成为第一个标记此记录!
Thư viện lưu trữ: Trung tâm Học liệu Lê Vũ Hùng, Trường Đại học Đồng Tháp
LEADER 00642pam a22002058a 4500
001 00017383
005 20171026081023.0
008 110419s2007 ||||||Viesd
041 0 # |a Vie 
082 1 4 |a 973  |b KH103QU 
245 0 0 |a Khái quát về lịch sử nước Mỹ  |b ( sách tham khảo ) 
246 0 1 |a Out line of U.S History 
260 # # |a H.  |b Thanh niên  |c 2007 
300 # # |a 531 tr.  |b Hình ảnh  |c 21 cm. 
650 # 4 |a Lịch sử 
650 # 4 |a Mỹ 
852 # # |b Kho đọc  |j KD.0002859 
852 # # |j KD.0002859 
910 |d 19/04/2011 
980 # # |a Trung tâm Học liệu Lê Vũ Hùng, Trường Đại học Đồng Tháp